| 000 -LEADER |
| fixed length control field |
01215nam a2200229Ia 4500 |
| 001 - CONTROL NUMBER |
| control field |
10629 |
| 003 - CONTROL NUMBER IDENTIFIER |
| control field |
GE_BSU |
| 008 - FIXED-LENGTH DATA ELEMENTS--GENERAL INFORMATION |
| fixed length control field |
181216s||||||||xx |||||||||||||| ||und|| |
| 020 ## - INTERNATIONAL STANDARD BOOK NUMBER |
| International Standard Book Number |
9941131103 |
| 040 ## - CATALOGING SOURCE |
| Transcribing agency |
GE_BSU |
| 100 ## - MAIN ENTRY--PERSONAL NAME |
| Personal name |
ნიკოლაიშვილი,დალი |
| 245 ## - TITLE STATEMENT |
| Title |
საქართველოს ლანდშაფტების სივრცე–დროითი ანალიზი=SPATIAL-TEMPORAL ANALYSIS OF GEORGIA'S LANDSCAPES |
| 245 ## - TITLE STATEMENT |
| Remainder of title |
მონოგრაფია |
| 260 ## - PUBLICATION, DISTRIBUTION, ETC. |
| Place of publication, distribution, etc. |
თბილისი,ივანე ჯავახიშვილის სახ.თსუ. |
| 260 ## - PUBLICATION, DISTRIBUTION, ETC. |
| Name of publisher, distributor, etc. |
თბილ.უნ–ტის გამ–ბა. |
| 260 ## - PUBLICATION, DISTRIBUTION, ETC. |
| Date of publication, distribution, etc. |
2009 |
| 300 ## - PHYSICAL DESCRIPTION |
| Extent |
432გვ;26სმ. |
| 300 ## - PHYSICAL DESCRIPTION |
| Other physical details |
დანართები:გვ:267–431. პარალ.თავფურც. და რეზ. ინგლ.–ბიბლიოგრ:გვ.245–266. ნახ;ცხრ. |
| 653 ## - INDEX TERM--UNCONTROLLED |
| Uncontrolled term |
საქართველოს ლანდშაფტების სივრცე–დროითი ანალიზი=SPATIAL-TEMPORAL ANALYSIS OF GEORGIA'S LANDSCAPES:მონოგრაფია |
| 942 ## - ADDED ENTRY ELEMENTS (KOHA) |
| Koha item type |
წიგნი |